Conoscere Insieme-1996/97-La terra verso il 2000 (Record n. 87455)
[ formato base ]
| 000 -LEADER | |
|---|---|
| fixed length control field | 02025nam a2200289Ia 4500 |
| 001 - CONTROL NUMBER | |
| control field | E5517 |
| 003 - CONTROL NUMBER IDENTIFIER | |
| control field | IT-RoPAU |
| 008 - FIXED-LENGTH DATA ELEMENTS--GENERAL INFORMATION | |
| fixed length control field | 130308s9999 xx 000 0 und d |
| 040 ## - CATALOGING SOURCE | |
| Original cataloging agency | IT-RoPAU |
| 040 ## - CATALOGING SOURCE | |
| Transcribing agency | IT-RoPAU |
| 041 ## - LANGUAGE CODE | |
| Language code of text/sound track or separate title | ITALIANO |
| 100 ## - MAIN ENTRY--PERSONAL NAME | |
| Personal name | AA.VV. |
| 100 ## - MAIN ENTRY--PERSONAL NAME | |
| Miscellaneous information | Codice Aut. SPICS: 12000 |
| 245 ## - TITLE STATEMENT | |
| Title | Conoscere Insieme-1996/97-La terra verso il 2000 |
| 245 ## - TITLE STATEMENT | |
| Remainder of title | Conoscere Insieme-1996/97-La terra Verso Il 2000 |
| 250 ## - EDITION STATEMENT | |
| Edition statement | 1a ed. |
| 260 ## - PUBLICATION, DISTRIBUTION, ETC. (IMPRINT) | |
| Place of publication, distribution, etc. | ALBA |
| 260 ## - PUBLICATION, DISTRIBUTION, ETC. (IMPRINT) | |
| Name of publisher, distributor, etc. | Periodici San Paolo |
| 260 ## - PUBLICATION, DISTRIBUTION, ETC. (IMPRINT) | |
| Date of publication, distribution, etc. | 1997 [1° Ed.:1997 - Ed.Ling.Originale:1997] |
| 300 ## - PHYSICAL DESCRIPTION | |
| Extent | "224 p. (prefazione: no ; testo: 224)" |
| 500 ## - GENERAL NOTE | |
| General note | Strip Sulla Storia: romani in Palestina, conquista della Gallia, Peste a Milano, Scoperta dell'America, Guerra di Secessione, Guerra di Crimea, invasione della Polonia, Hiroshima. genitori Di: Alessandro Magno, Giulio Cesare, Carlo Magno, Gengis Khan, Federico Ii, Lorenzo Il Magnifico, Carlo V, Elisabetta I, Luigi Xiv, Pietro Il Grande, Abraham Lincoln, Giuseppe Garibaldi. Città Fantasma. Uomo di ieri nel Mondo di Oggi: Tuareg, Eschimesi, Indiani D'America, Indios dell'Amazzonia, Masai, Pigmei, Aborigeni Australiani, Papua della Nuova Guinea. Mappa dei Continenti. Insegnaci a Pregare: Tavolesul padre Nostro. brevetti Rubati Alla Natura. Età dei Metalli. Difendiamo Il Nostro Corpo: Schede Sul Cuore, Occhio, Polmoni, Fegato, Reni, spina Dorsale, Stomaco, Pelle. mestieri degli Animali. Obiettivo Sulla Natura: Schede Sui Tulipani, Papaveri, Orchidee, Gerani,Eucalipto, Viole. pianeta della Scienza Sugli Animali: Mammiferi, Formiche, Rana, topi, Elefante, Pinguini, Velocità degli Ucceli e Animali Marini, Testuggine Franca, Pesce Siluro, Farfalle, Insetto Acquatico. mia Ricerca: Bicentenario della Bandiera Italiana, Animali Simbolo delle Nazioni, Signori dell'Aria, Piccoli campioni di Nuoto, fiori Velenosi, 2000 Anno Santo numero 28. |
| 650 ## - SUBJECT ADDED ENTRY--TOPICAL TERM | |
| Topical term or geographic name as entry element | OPERE varie DI CULTURA GENERALE |
| 650 ## - SUBJECT ADDED ENTRY--TOPICAL TERM | |
| Relator term | Codice materia Spics: 1002 |
| 942 ## - ADDED ENTRY ELEMENTS (KOHA) | |
| Koha item type | LIBRO |
| 957 ## - | |
| -- | 1 |
| 999 ## - SYSTEM CONTROL NUMBERS (KOHA) | |
| -- | 1 |
| Withdrawn status | Lost status | Damaged status | Not for loan | Home library | Current library | Date acquired | Total Checkouts | Full call number | Date last seen | Price effective from | Koha item type | Public note |
|---|---|---|---|---|---|---|---|---|---|---|---|---|
| Buone Condizioni | Not For Loan | SPICS-MEDIATECA | SPICS-MEDIATECA | 08/03/2013 | E5517 | 08/03/2013 | 08/03/2013 | LIBRO | Progressivo inserimento: 272 / N. Volumi: 1 Copie: 1 / data import: 1 marzo 2013 - By Epidotti, Trombetti, Vaglietti. |